Pilote de F1 - Texte - Statistiques

Statistiques générales
  • Ce quiz a été pris 408 fois
  • Le résultat moyen est 18 sur 20
Statistiques - réponses
Origine Nom pilote % Correct
Monaco Charles Leclerc
99%
Pays-Bas Max Verstappen
99%
Espagne Carlos Sainz Jr
98%
Angleterre Lewis Hamilton
98%
France Esteban Ocon
97%
France Pierre Gasly
96%
Mexique Sergio Pérez
96%
Angleterre Georges Russel
95%
Espagne Fernando Alonso
94%
Japon Yuki Tsunoda
94%
Angleterre Lando Norris
91%
Chine Guanyu Zhou
88%
Finlande Valtteri Bottas
88%
Québec Lance stroll
88%
Australie Daniel Ricciardo
87%
Danemark Kevin Magnussen
84%
Allemagne Sebastian Vettel
81%
Canada Nicolas Latifi
73%
Allemagne Mick Schumacher
73%
Royaume-Uni Alexander Albon
69%
Aucun quiz correspondant
Distribution des résultats
% des personnes avec chaque résultat
Percentile par nombre de réponses
Votre historique - résultats
Vous n’avez pas pris ce quiz